| 000 | 00720cam a2200205 i 4500 | ||
|---|---|---|---|
| 020 | _a9781483382722 (Paperback : acidfree paper) | ||
| 040 | _cDLC | ||
| 082 | 0 | 0 | _a370 ISB 1989 C161 Or. |
| 245 | 0 | 0 |
_a12 brain/mind learning principles in action : _bteach for the development of higher order thinking and executive function / |
| 246 | 3 | _aTwelve brain/mind learning principles in action | |
| 250 | _aThird Edition. | ||
| 300 |
_axvii, 300 pages ; _c28 cm |
||
| 500 | _aRevised ed. of: 12 brain/mind learning principles in action, published in 2005. | ||
| 650 | 0 | _aLearning, Psychology of. | |
| 650 | 0 | _aLearning | |
| 650 | 0 | _aBrain. | |
| 650 | 0 | _aTeaching. | |
| 700 | 1 | _aCaine, Renate Nummela. | |
| 942 | _cAEDBB | ||
| 999 |
_c19093 _d19093 |
||